|
|
|
|
| LEADER |
000000aa a2200000 0 4500 |
| 001 |
31462-9 |
| 005 |
20230308154222.0 |
| 008 |
011092| ||||||||r|||||||||||spa|| |
| 020 |
|
|
|a 9788492977017
|
| 040 |
|
|
|b spa
|
| 041 |
1 |
|
|a spa
|
| 082 |
0 |
|
|a 616
|
| 245 |
|
|
|a Catalogación de medios y recursos
|c José Antonio Saucedo Sánchez y Miguel Ruíz Madruga
|h imp
|n 9
|
| 264 |
|
|
|a Madrid
|b Era, ediciones
|c 2010
|
| 300 |
|
|
|a pp 117-139
|b ilu
|c 29 cm
|
| 504 |
|
|
|a incl. ref.
|
| 520 |
3 |
|
|a Para atender una situación de emergencias es necesario contar, en el menor tiempo posible con los medios y recursos necesarios. Para que esto suceda la ley sobre protección civil establece la obligación de que los planes territoriales y especiales cuenten con un código de medios y recursos
|
| 650 |
|
|
|a Planes de emergencia
|9 2915
|
| 650 |
|
|
|a Dispositivos de riesgos previsibles
|9 2916
|
| 650 |
|
|
|a Catalogo de medios y recursos
|9 2937
|
| 650 |
|
|
|a Medios
|9 2938
|
| 650 |
|
|
|a Recursos
|9 2939
|
| 650 |
|
|
|a Movilización de medios y recursos
|9 2940
|
| 650 |
|
|
|a Proceso de catalogación
|9 2941
|
| 650 |
|
|
|a Fichas de catalogación
|9 2942
|
| 700 |
|
|
|a Saucedo Sánchez, José Antonio
|9 2943
|
| 700 |
1 |
|
|a Ruíz Madruga, Miguel.
|9 2922
|
| 773 |
0 |
|
|a Saucedo Sánchez, José Antonio
|d Madrid Era, ediciones 2010
|z 978-84-92977-01-7
|t Técnico en Emergencias Sanitarias
|
| 852 |
|
|
|a UC-SALUD
|c ESTANTERIA ABIERTA
|f Compra
|k luis.contrerase
|l 1
|m General
|p 20110928
|q $ 51.35
|r 1
|t 31462-9
|y 000353457
|b 0
|d CDRS
|e CDRS
|g 616 ESTANTERIA ABIERTA
|z 2011-10-92
|
| 942 |
|
|
|c BKA
|
| 999 |
|
|
|c 1012
|d 1012
|